Les 20 meilleurs buteurs de l'Histoire de la Ligue des Champions - Statistiques

Statistiques générales
  • Ce quiz a été pris 220 fois
  • Le résultat moyen est 7 sur 20
Statistiques - réponses
Hint Réponse % Correct
129 Lionel Messi
100%
141 Cristiano Ronaldo
99%
89 Karim Benzema
90%
40 Kylian Mbappé
79%
43 Neymar
68%
71 Raul
65%
51 Thierry Henry
56%
59 Andriy Shevchenko
26%
91 Robert Lewandowski
24%
47 Eusébio
11%
49 Zlatan Ibrahimović
10%
60 Ruud van Nistelrooy
9%
53 Thomas Müller
9%
47 Sergio Agüero
6%
44 Didier Drogba
5%
50 Filippo Inzaghi
5%
48 Mohamed Salah
5%
44 Alessandro Del Piero
3%
49 Alfredo Di Stéfano
3%
39 Fernando Morientes
3%
Aucun quiz correspondant
Distribution des résultats
% des personnes avec chaque résultat
Percentile par nombre de réponses
Votre historique - résultats
Vous n’avez pas pris ce quiz